Aorat jaraim ki daldal main (Record no. 14641)

MARC details
000 -LEADER
fixed length control field 00233nam a22001097a 4500
082 ## - DEWEY DECIMAL CLASSIFICATION NUMBER
Classification number INA
100 ## - MAIN ENTRY--AUTHOR NAME
Personal name Inaam Ur Rehman
245 ## - TITLE STATEMENT
Title Aorat jaraim ki daldal main
260 ## - PUBLICATION, DISTRIBUTION, ETC. (IMPRINT)
Place of publication Lahore
Name of publisher Singmail pub
Year of publication 1988
300 ## - PHYSICAL DESCRIPTION
Number of Pages 317
942 ## - ADDED ENTRY ELEMENTS (KOHA)
Koha item type Books
Holdings
Withdrawn status Lost status Home library Current library Date acquired Cost, normal purchase price Full call number Accession Number Koha item type
    Central Library, QUEST, Nawabshah Central Library, QUEST, Nawabshah 10/11/2015 99.00 INA 12636 Books